000 00663nam a2200217Ia 4500
008 200825s9999||||xx |||||||||||||| ||und||
020 _a9577273041
020 _a9789577273048
041 _achi
050 _aBR1285
_b.Y364 2006
100 _a楊森富
245 0 _a中華基督教本色化論文集
_b /
_c楊森富
246 _a中华基督教本色化论文集
_b/
260 _a台北 :
_b基督教宇宙光全人關懷機構,
_c2006
300 _a188 p.
_b;
_c21 cm.
490 _a馬禮遜入華宣教200年紀念文集
_vv. 26
650 _aCatholic Church China History.
650 _aChristianity China.
650 _aChristianity.
999 _c18821
_d18821